000 00821cam a2200229 4500
008 020304n2003 000 0 eng u
020 _a1857839382
035 _a(Sirsi) u121919
041 _aeng.
050 _a333.33025
_c18
110 _aRoyal Institution of Chartered Surveyors
_94900
245 _aList of members 2003
260 _aLondon
_bWaterlow Specialist Information Publishing Ltd
_c2003
300 _a38,1210p
_c25cm.
520 _aIncludes an introduction to the RICS Faculties and Forums, an explanaiton of member services, details of associated organisations and services, and RICS contacts.
650 _aABOUT RICS-RICS MEMBERS
650 _aDIRECTORIES
650 _aRICS
650 _aMEMBERSHIP DIRECTORY
690 _aMANAGEMENT-BUSINESS MANAGEMENT-PROFESSIONAL PRACTICE
942 _n0
999 _c102764
_d102764